[Event "CHI-ch (Women)"]
[Site "Santiago de Chile"]
[Date "2023.02.19"]
[Round "11"]
[White "Morales Flores, Monserrat"]
[Black "Carmona Munoz, Veronica"]
[Result "1-0"]
[WhiteElo "1927"]
[BlackElo "1530"]
[PlyCount "77"]
[EventDate "2023.02.11"]
[EventType "tourn"]
[EventRounds "11"]
[EventCountry "CHI"]
[SourceTitle "CBM 212 Extra"]
[Source "ChessBase"]
[SourceDate "2023.03.31"]
[SourceVersion "1"]
[SourceVersionDate "2023.03.31"]
[SourceQuality "1"]

1. e4 b6 2. d4 Bb7 3. Bd3 e6 4. Nf3 d5 5. e5 Ne7 6. 0-0 c5 7. c3 Nbc6 8. Re1 Qc8 9. Na3 Ba6 10. Bc2 Ng6 11. Bd3 Nge7 12. Bc2 Ng6 13. Ba4 Be7 14. h4 Bxh4 15. b4 cxb4 16. cxb4 Bb7 17. Nxh4 Nxh4 18. Bg5 Ng6 19. Rc1 a6 20. b5 axb5 21. Nxb5 Kd7 22. Nd6 Qb8 23. Nxb7 Rxa4 24. Qxa4 Qxb7 25. Qa3 Rc8 26. Red1 h6 27. Be3 Nge7 28. Rc3 Ra8 29. Qd6+ Ke8 30. Rdc1 Rd8 31. Qa3 Ra8 32. Qb2 Kd7 33. Qc2 b5 34. Qh7 b4 35. Rc5 Nf5 36. Rxd5+ Ke7 37. Rdc5 Rc8 38. g4 Nh4 39. Qe4 1-0

[Event "CHI-ch (Women)"]
[Site "Santiago de Chile"]
[Date "2023.02.18"]
[Round "10"]
[White "Lemus Pena, Macarena"]
[Black "Morales Flores, Monserrat"]
[Result "1/2-1/2"]
[WhiteElo "1785"]
[BlackElo "1927"]
[PlyCount "80"]
[EventDate "2023.02.11"]
[EventType "tourn"]
[EventRounds "11"]
[EventCountry "CHI"]
[SourceTitle "CBM 212 Extra"]
[Source "ChessBase"]
[SourceDate "2023.03.31"]
[SourceVersion "1"]
[SourceVersionDate "2023.03.31"]
[SourceQuality "1"]

1. Nf3 Nf6 2. c4 g6 3. b4 Bg7 4. Bb2 d6 5. g3 0-0 6. Bg2 e5 7. d3 c6 8. 0-0 Nbd7 9. Qc2 Re8 10. Nc3 Nf8 11. b5 d5 12. bxc6 bxc6 13. d4 Bf5 14. Qc1 e4 15. Ne5 Rc8 16. c5 N8d7 17. Nxd7 Qxd7 18. Nd1 Bh3 19. Qc2 h5 20. Bc1 Nh7 21. Be3 Bxg2 22. Kxg2 Qf5 23. h4 Nf6 24. Bf4 Ng4 25. Ne3 Qd7 26. Nxg4 Qxg4 27. Be3 Rb8 28. Rab1 Bf6 29. f3 exf3+ 30. exf3 Qe6 31. Bf2 Qf5 32. Qxf5 gxf5 33. Rb3 Rxb3 34. axb3 Re2 35. Rd1 Rb2 36. Rd3 f4 37. Kf1 fxg3 38. Bxg3 Kh7 39. Be1 Kg6 40. Bg3 Kf5 1/2-1/2

[Event "CHI-ch (Women)"]
[Site "Santiago de Chile"]
[Date "2023.02.11"]
[Round "1"]
[White "Aguilera Merlet, Melisa Paz"]
[Black "Morales Flores, Monserrat"]
[Result "1-0"]
[WhiteElo "1630"]
[BlackElo "1927"]
[PlyCount "43"]
[EventDate "2023.02.11"]
[EventType "tourn"]
[EventRounds "11"]
[EventCountry "CHI"]
[SourceTitle "CBM 212 Extra"]
[Source "ChessBase"]
[SourceDate "2023.03.31"]
[SourceVersion "1"]
[SourceVersionDate "2023.03.31"]
[SourceQuality "1"]

1. e4 c5 2. Nf3 e6 3. d4 cxd4 4. Nxd4 a6 5. Bd3 Bc5 6. Nb3 Ba7 7. Qe2 Nc6 8. Be3 Nge7 9. Nc3 Nb4 10. 0-0-0 Ng6 11. Bxa7 Rxa7 12. Qe3 Nc6 13. f4 0-0 14. e5 f6 15. Bxg6 hxg6 16. Rd6 Qc7 17. g4 b5 18. Rhd1 Qb8 19. Ne4 fxe5 20. Ng5 Rxf4 21. Rxc6 dxc6 22. Qxf4 1-0

[Event "Olympiad Women-44"]
[Site "Chennai"]
[Date "2022.08.05"]
[Round "7.2"]
[White "Morales Flores, Monserrat"]
[Black "Masoumi, Sahar"]
[Result "1-0"]
[WhiteElo "1946"]
[BlackElo "1956"]
[PlyCount "45"]
[EventDate "2022.07.29"]
[EventType "team-swiss"]
[EventRounds "11"]
[EventCountry "IND"]
[SourceTitle "CBM 210"]
[Source "ChessBase"]
[SourceDate "2022.10.31"]
[SourceVersion "1"]
[SourceVersionDate "2022.10.31"]
[SourceQuality "1"]
[WhiteTeam "Chile (W)"]
[BlackTeam "Iran (W)"]
[WhiteTeamCountry "CHI"]
[BlackTeamCountry "IRI"]

1. e4 c5 2. Nf3 e6 3. d4 cxd4 4. Nxd4 Nf6 5. Nc3 Nc6 6. Be2 Bb4 7. 0-0 Bxc3 8. bxc3 Nxe4 9. Qd3 d5 10. Ba3 a6 11. Nxc6 bxc6 12. c4 Qa5 13. Bf3 Nd2 14. cxd5 cxd5 15. Rfd1 Nxf3+ 16. Qxf3 f6 17. c4 Bb7 18. Qg3 Kf7 19. Rab1 Bc6 20. cxd5 Bxd5 21. Rb7+ Bxb7 22. Rd7+ Ke8 23. Re7+ 1-0

[Event "Titled Tuesday intern op 01st Mar Late"]
[Site "Chess.com INT"]
[Date "2022.03.01"]
[Round "3"]
[White "Morales Flores, Monserrat"]
[Black "Okike, David"]
[Result "1-0"]
[WhiteElo "1943"]
[BlackElo "2167"]
[PlyCount "91"]
[EventDate "2022.03.01"]
[EventType "swiss (blitz)"]
[EventRounds "11"]
[EventCountry "USA"]
[SourceTitle "CBM 207 Extra"]
[Source "ChessBase"]
[SourceDate "2022.05.31"]
[SourceVersion "1"]
[SourceVersionDate "2022.05.31"]
[SourceQuality "1"]

1. e4 c5 2. Nf3 Nc6 3. d4 cxd4 4. Nxd4 Nf6 5. Nc3 d6 6. Bg5 a6 7. Nxc6 bxc6 8. Bc4 Qb6 9. Bb3 e6 10. Bxf6 gxf6 11. Qh5 h6 12. 0-0-0 Be7 13. Rhf1 a5 14. Na4 Qa7 15. f4 Qe3+ 16. Kb1 Qxe4 17. Nb6 Rb8 18. Nxc8 Rxc8 19. Rfe1 Qg6 20. Qxg6 fxg6 21. Rxe6 Kd7 22. Rde1 Rh7 23. R6e3 Ra8 24. Be6+ Kd8 25. f5 g5 26. Bg8 Rg7 27. Be6 a4 28. a3 Ra7 29. c4 Rb7 30. Rd3 Kc7 31. Red1 g4 32. g3 h5 33. Rd4 Ra7 34. Ka2 Rh7 35. R1d2 Rh8 36. Bf7 h4 37. Rxg4 hxg3 38. hxg3 Kb6 39. Rg7 Kc5 40. Be6 Rc7 41. g4 Rh3 42. g5 fxg5 43. f6 Re3 44. fxe7 Rxe6 45. e8Q Kb6 46. Qxe6 1-0

[Event "CHI-ch (Women)"]
[Site "Las Condes"]
[Date "2022.02.22"]
[Round "6"]
[White "Vildosola Canales, Melany Selena"]
[Black "Morales Flores, Monserrat"]
[Result "1/2-1/2"]
[WhiteElo "1645"]
[BlackElo "1943"]
[PlyCount "41"]
[EventDate "2022.02.18"]
[EventType "tourn"]
[EventRounds "11"]
[EventCountry "CHI"]
[SourceTitle "CBM 207 Extra"]
[Source "ChessBase"]
[SourceDate "2022.05.31"]
[SourceVersion "1"]
[SourceVersionDate "2022.05.31"]
[SourceQuality "1"]

1. e4 c5 2. Nf3 e6 3. d4 cxd4 4. Nxd4 a6 5. Bd3 Bc5 6. Nb3 Ba7 7. Qe2 d6 8. Be3 Nf6 9. Nc3 Bxe3 10. Qxe3 b5 11. 0-0-0 Nc6 12. f4 b4 13. Ne2 Qc7 14. Rhg1 Bd7 15. g4 a5 16. Kb1 a4 17. Nbd4 Qa7 18. g5 Nh5 19. Bb5 Qc5 20. Qf3 g6 21. Rgf1 1/2-1/2

[Event "Chess.com Bullet op1"]
[Site "Chess.com INT"]
[Date "2020.12.19"]
[Round "16"]
[White "Morales Flores, Monserrat"]
[Black "Balaji, Aaravamudhan"]
[Result "1-0"]
[WhiteElo "1974"]
[BlackElo "2206"]
[PlyCount "77"]
[EventDate "2020.12.19"]
[EventType "swiss (blitz)"]
[EventRounds "21"]
[EventCountry "USA"]
[SourceTitle "EXT 2022"]
[Source "ChessBase"]
[SourceDate "2021.10.06"]
[SourceVersion "1"]
[SourceVersionDate "2021.10.06"]
[SourceQuality "1"]

1. e4 g6 2. d4 Bg7 3. Nf3 d5 4. e5 c5 5. c3 cxd4 6. cxd4 Nc6 7. Nc3 e6 8. Bd3 Nge7 9. 0-0 0-0 10. h3 Nf5 11. Bg5 Qb6 12. Bxf5 gxf5 13. Rb1 f6 14. exf6 Bxf6 15. Bxf6 Rxf6 16. Re1 Bd7 17. Ne5 Be8 18. Qf3 Nxd4 19. Qg3+ Kh8 20. Rbd1 Nc6 21. Nxc6 Bxc6 22. Qe5 Raf8 23. Re3 f4 24. Rf3 d4 25. Ne4 Bxe4 26. Qxe4 Qxb2 27. Rxd4 Qa1+ 28. Kh2 Qxa2 29. Rd7 R6f7 30. Qxb7 e5 31. Rxf7 Qxf7 32. Qe4 Qf5 33. Qa4 Rd8 34. Qxa7 e4 35. Rc3 Qe5 36. Rc7 f3+ 37. g3 Rd2 38. Rxh7+ Kg8 39. Qf7# 1-0

[Event "Chess.com Bullet op1"]
[Site "Chess.com INT"]
[Date "2020.12.19"]
[Round "4"]
[White "Morales Flores, Monserrat"]
[Black "Bychkov, Vladimir"]
[Result "1-0"]
[WhiteElo "1974"]
[BlackElo "2303"]
[PlyCount "135"]
[EventDate "2020.12.19"]
[EventType "swiss (blitz)"]
[EventRounds "21"]
[EventCountry "USA"]
[SourceTitle "EXT 2022"]
[Source "ChessBase"]
[SourceDate "2021.10.06"]
[SourceVersion "1"]
[SourceVersionDate "2021.10.06"]
[SourceQuality "1"]

1. e4 e6 2. d4 d5 3. exd5 exd5 4. Nf3 Nf6 5. Bd3 Bd6 6. 0-0 0-0 7. h3 h6 8. Nc3 Nc6 9. Re1 Bd7 10. Be3 Re8 11. Qd2 Nb4 12. Ne5 Nxd3 13. Nxd3 c6 14. Nf4 Qc7 15. g3 Re7 16. Kg2 Rae8 17. Rad1 Ne4 18. Nxe4 Rxe4 19. Nd3 Qc8 20. h4 h5 21. Bf4 Bh3+ 22. Kh2 Bf8 23. Rxe4 dxe4 24. Ne5 Qe6 25. b3 Bg4 26. Re1 Bf3 27. Nxf3 exf3 28. Rxe6 Rxe6 29. Be3 Bd6 30. d5 cxd5 31. Qxd5 b6 32. Qa8+ Kh7 33. Qd5 Rf6 34. Qxh5+ Kg8 35. Qg5 Be7 36. Qe5 Bd6 37. Qe8+ Kh7 38. Qb5 Re6 39. Qf5+ Kg8 40. Qxf3 a6 41. Qa8+ Kh7 42. Qxa6 b5 43. Qxb5 Be5 44. Qd3+ g6 45. Bf4 Bf6 46. Bg5 Bg7 47. Qd7 Re2 48. Qxf7 Kh8 49. Kg2 Rxc2 50. Qxg6 Rxa2 51. Bh6 Bb2 52. Qe8+ Kh7 53. Bf4 Kg7 54. Qd7+ Kf6 55. Qd3 Ke7 56. Qf3 Kd8 57. Be3 Kc8 58. Bg5 Kc7 59. Qg4 Be5 60. Bf4 Rxf2+ 61. Kxf2 Bxf4 62. Qxf4+ Kb6 63. g4 Kb5 64. g5 Kc5 65. g6 Kb5 66. g7 Kc6 67. g8Q Kb6 68. Qf6+ 1-0

[Event "Chess.com Bullet op2"]
[Site "Chess.com INT"]
[Date "2020.12.19"]
[Round "2"]
[White "Morales Flores, Monserrat"]
[Black "Grieve, Harry"]
[Result "0-1"]
[WhiteElo "1974"]
[BlackElo "2351"]
[PlyCount "78"]
[EventDate "2020.12.19"]
[EventType "swiss (blitz)"]
[EventRounds "21"]
[EventCountry "USA"]
[SourceTitle "EXT 2022"]
[Source "ChessBase"]
[SourceDate "2021.10.06"]
[SourceVersion "1"]
[SourceVersionDate "2021.10.06"]
[SourceQuality "1"]

1. e4 c5 2. Nf3 e6 3. d3 Nc6 4. g3 Nf6 5. Bg2 d6 6. c3 Be7 7. 0-0 0-0 8. Nbd2 Bd7 9. Re1 Qc7 10. Nf1 Rac8 11. h3 b5 12. Ne3 b4 13. Bd2 Rb8 14. Rc1 bxc3 15. bxc3 Qa5 16. c4 Qa3 17. Bc3 e5 18. Nf5 Bxf5 19. exf5 Nd4 20. Nxd4 cxd4 21. Ba1 Qxa2 22. g4 Nd7 23. h4 Bxh4 24. Re2 Qa3 25. Rec2 Nc5 26. Bd5 Bg5 27. Rb1 Qxd3 28. Qxd3 Rxb1+ 29. Qf1 Rfb8 30. Qxb1 Rxb1+ 31. Kg2 Rxa1 32. f3 g6 33. fxg6 hxg6 34. Rb2 d3 35. Rb8+ Kg7 36. Rd8 d2 37. Be4 d1Q 38. Rxd6 Qg1+ 39. Kh3 Qh1+ 0-1

[Event "Chess.com Bullet op1"]
[Site "Chess.com INT"]
[Date "2020.12.19"]
[Round "10"]
[White "Morales Flores, Monserrat"]
[Black "Meissner, Felix"]
[Result "1-0"]
[WhiteElo "1974"]
[BlackElo "2362"]
[PlyCount "117"]
[EventDate "2020.12.19"]
[EventType "swiss (blitz)"]
[EventRounds "21"]
[EventCountry "USA"]
[SourceTitle "EXT 2022"]
[Source "ChessBase"]
[SourceDate "2021.10.06"]
[SourceVersion "1"]
[SourceVersionDate "2021.10.06"]
[SourceQuality "1"]

1. e4 c6 2. d4 g6 3. Nf3 d5 4. exd5 cxd5 5. Bd3 Nf6 6. c3 Bf5 7. 0-0 Bxd3 8. Qxd3 Bg7 9. h3 0-0 10. Nbd2 Nc6 11. Re1 e6 12. Nf1 Ne4 13. Bf4 f5 14. Ne5 Nxe5 15. Bxe5 Bxe5 16. dxe5 Qb6 17. Qe2 Rac8 18. Ne3 Rc7 19. f3 Ng3 20. Qf2 f4 21. Ng4 Qxf2+ 22. Kxf2 b5 23. Rac1 a5 24. Nf6+ Kg7 25. a3 Rfc8 26. Red1 b4 27. axb4 axb4 28. Rd4 h5 29. Rxf4 bxc3 30. Kxg3 cxb2 31. Rb1 Rb8 32. Ra4 Rc1 33. Ra7+ Kf8 34. Nd7+ Ke8 35. Nxb8 Rxb1 36. Rb7 g5 37. Nc6 Kf8 38. Nd4 Ke8 39. Kf2 Rd1 40. Ne2 b1Q 41. Rxb1 Rxb1 42. Nd4 Rb2+ 43. Ke3 Kd7 44. g4 h4 45. f4 Rh2 46. fxg5 Rxh3+ 47. Kf4 Rg3 48. g6 Ke7 49. Nf3 Rg1 50. Nxh4 Rf1+ 51. Kg5 d4 52. g7 d3 53. g8Q d2 54. Qh7+ Kd8 55. Qd3+ Ke7 56. Qxd2 Rf8 57. Qd6+ Kf7 58. Ng6 Rg8 59. Qe7# 1-0

[Event "Chess.com Bullet op1"]
[Site "Chess.com INT"]
[Date "2020.12.19"]
[Round "19"]
[White "Pastar, Slaven"]
[Black "Morales Flores, Monserrat"]
[Result "0-1"]
[WhiteElo "2324"]
[BlackElo "1974"]
[PlyCount "120"]
[EventDate "2020.12.19"]
[EventType "swiss (blitz)"]
[EventRounds "21"]
[EventCountry "USA"]
[SourceTitle "EXT 2022"]
[Source "ChessBase"]
[SourceDate "2021.10.06"]
[SourceVersion "1"]
[SourceVersionDate "2021.10.06"]
[SourceQuality "1"]

1. b3 c5 2. Bb2 e6 3. Nf3 d5 4. c4 Nc6 5. cxd5 exd5 6. d4 cxd4 7. Nxd4 Nf6 8. e3 Be7 9. Be2 0-0 10. 0-0 Bd7 11. Nd2 a6 12. N2f3 Rc8 13. Rc1 Ne4 14. Nxc6 Bxc6 15. Ne5 Bf6 16. Nxc6 bxc6 17. Bxf6 Qxf6 18. Bd3 Nc3 19. Qc2 Nb5 20. Bxh7+ Kh8 21. Bd3 Nd6 22. Qe2 a5 23. Qh5+ Qh6 24. Qxh6+ gxh6 25. Rc2 c5 26. Rfc1 c4 27. bxc4 dxc4 28. Bxc4 Nxc4 29. Rxc4 Rb8 30. h3 Rb2 31. Rh4 Kg7 32. Rcc4 Rxa2 33. Rcg4+ Kh7 34. Rxh6+ Kxh6 35. Rh4+ Kg6 36. Rg4+ Kf6 37. Rf4+ Ke7 38. Rd4 Rd8 39. Re4+ Kf8 40. h4 Rb8 41. h5 Rb4 42. Re5 Rh4 43. g3 Ra1+ 44. Kg2 Rhh1 45. g4 a4 46. g5 a3 47. Ra5 a2 48. Ra8+ Kg7 49. h6+ Kh7 50. Kf3 Rag1 51. Rxa2 Rxg5 52. Kf4 Rg6 53. Ra7 Rhxh6 54. Rxf7+ Rg7 55. Rf5 Rhg6 56. e4 Rg4+ 57. Ke3 Rf7 58. f3 Rxf5 59. exf5 Rg7 60. Kf4 Rf7 0-1

[Event "Chess.com Bullet op1"]
[Site "Chess.com INT"]
[Date "2020.12.19"]
[Round "2"]
[White "Trent, Lawrence"]
[Black "Morales Flores, Monserrat"]
[Result "1-0"]
[WhiteElo "2399"]
[BlackElo "1974"]
[PlyCount "107"]
[EventDate "2020.12.19"]
[EventType "swiss (blitz)"]
[EventRounds "21"]
[EventCountry "USA"]
[SourceTitle "EXT 2022"]
[Source "ChessBase"]
[SourceDate "2021.10.06"]
[SourceVersion "1"]
[SourceVersionDate "2021.10.06"]
[SourceQuality "1"]

1. d4 Nf6 2. Nf3 g6 3. g3 Bg7 4. Bg2 0-0 5. 0-0 d6 6. c4 Nbd7 7. Nc3 c5 8. d5 a6 9. a4 Re8 10. e4 Nf8 11. Bf4 h6 12. h4 Bd7 13. Qd2 Kh7 14. e5 Nh5 15. e6 fxe6 16. dxe6 Bxe6 17. Rfe1 Bf7 18. Be3 Ne6 19. Nd5 Nd4 20. Nxd4 cxd4 21. Bxd4 Bxd5 22. Bxd5 Nf6 23. Be6 Rf8 24. Qd3 Qa5 25. Re2 Qh5 26. Kg2 Kh8 27. Rae1 Rae8 28. f3 Nh7 29. Rh1 Bf6 30. g4 Qa5 31. Bf2 g5 32. Qg6 Bxb2 33. Rxb2 Qe5 34. Rd2 Rf6 35. Bd4 Rxg6 36. Bxe5+ dxe5 37. Bf5 Rf6 38. hxg5 Nxg5 39. Rd7 Kg7 40. Rxb7 Kf7 41. Re1 Rd8 42. Rxe5 Rd2+ 43. Kg3 Rd3 44. Rbxe7+ Kf8 45. Re8+ Kg7 46. R5e7+ Rf7 47. Rxf7+ Kxf7 48. Ra8 Rxf3+ 49. Kh4 Rxf5 50. gxf5 Nf3+ 51. Kh5 Ne5 52. Kxh6 Nxc4 53. Kg5 Nd6 54. Ra7+ 1-0

[Event "Titled Tuesday intern op 13th Oct"]
[Site "Chess.com INT"]
[Date "2020.10.13"]
[Round "10"]
[White "Idrisov, Ildar F"]
[Black "Morales Flores, Monserrat"]
[Result "1/2-1/2"]
[WhiteElo "2282"]
[BlackElo "1974"]
[PlyCount "146"]
[EventDate "2020.10.13"]
[EventType "swiss (blitz)"]
[EventRounds "10"]
[EventCountry "USA"]
[SourceTitle "CBM 198 Extra"]
[Source "ChessBase"]
[SourceDate "2020.11.30"]
[SourceVersion "1"]
[SourceVersionDate "2020.11.30"]
[SourceQuality "1"]

1. Nf3 Nf6 2. b3 g6 3. Bb2 Bg7 4. c4 d6 5. d4 0-0 6. g3 Nbd7 7. Bg2 c5 8. 0-0 cxd4 9. Nxd4 Ne5 10. Nc3 a6 11. Rc1 Rb8 12. h3 Bd7 13. Nd5 Nc6 14. Nxf6+ exf6 15. Nxc6 Bxc6 16. Qd4 Bxg2 17. Kxg2 Qc7 18. Rfd1 Rbd8 19. e4 Rfe8 20. f3 Qc6 21. Qd5 Qb6 22. Bd4 Qc7 23. Rc3 b6 24. a4 Re6 25. Rcd3 Rb8 26. Be3 b5 27. c5 dxc5 28. Qd8+ Rxd8 29. Rxd8+ Bf8 30. Bh6 Qe7 31. R1d7 Qe8 32. Bxf8 Kxf8 33. Rxe8+ Kxe8 34. Rc7 Re5 35. axb5 axb5 36. Rb7 c4 37. bxc4 bxc4 38. Rc7 f5 39. Rxc4 fxe4 40. fxe4 Ke7 41. Kf3 h5 42. Kf4 Ra5 43. Rb4 Kf6 44. h4 Ra6 45. Rd4 Re6 46. Rd5 Ra6 47. Rc5 Re6 48. e5+ Kg7 49. g4 hxg4 50. Kxg4 Ra6 51. Kg5 Re6 52. Kf4 Kh6 53. Rc7 Kg7 54. Rd7 Ra6 55. Rd4 Re6 56. Rc4 Kh6 57. Rb4 Kg7 58. Re4 Kh6 59. Ke3 Kh5 60. Kd4 g5 61. hxg5 Kxg5 62. Kd5 Kf5 63. Re1 Kg6 64. Rg1+ Kf5 65. Rf1+ Kg6 66. Rf2 Ra6 67. Rg2+ Kf5 68. Rf2+ Kg6 69. Rf1 Ra5+ 70. Kd6 Ra6+ 71. Kd5 Ra5+ 72. Kd4 Ra4+ 73. Kd5 Ra5+ 1/2-1/2

[Event "Titled Tuesday intern op 13th Oct"]
[Site "Chess.com INT"]
[Date "2020.10.13"]
[Round "2"]
[White "Ronka, Erik"]
[Black "Morales Flores, Monserrat"]
[Result "1-0"]
[WhiteElo "2303"]
[BlackElo "1974"]
[PlyCount "59"]
[EventDate "2020.10.13"]
[EventType "swiss (blitz)"]
[EventRounds "10"]
[EventCountry "USA"]
[SourceTitle "CBM 198 Extra"]
[Source "ChessBase"]
[SourceDate "2020.11.30"]
[SourceVersion "1"]
[SourceVersionDate "2020.11.30"]
[SourceQuality "1"]

1. e4 c5 2. Nf3 e6 3. d4 cxd4 4. Nxd4 a6 5. Nc3 Qc7 6. Qf3 Nf6 7. Bg5 Qe5 8. Be3 Nc6 9. 0-0-0 Nxd4 10. Bxd4 Qg5+ 11. Kb1 Be7 12. e5 Ng8 13. Bd3 f5 14. Qe2 Nh6 15. Be3 Qg6 16. f4 Ng4 17. Bd4 b5 18. h3 Nh6 19. g4 Bb7 20. Rhg1 Qf7 21. a3 g6 22. Qf2 fxg4 23. hxg4 0-0 24. Rdf1 Rac8 25. Ne4 Bxe4 26. Bxe4 Qg7 27. Qh2 Nf7 28. f5 exf5 29. gxf5 Rc4 30. fxg6 1-0

[Event "Titled Tuesday intern op 13th Oct"]
[Site "Chess.com INT"]
[Date "2020.10.13"]
[Round "3"]
[White "Toncheva, Nadya"]
[Black "Morales Flores, Monserrat"]
[Result "1-0"]
[WhiteElo "2321"]
[BlackElo "1974"]
[PlyCount "131"]
[EventDate "2020.10.13"]
[EventType "swiss (blitz)"]
[EventRounds "10"]
[EventCountry "USA"]
[SourceTitle "CBM 198 Extra"]
[Source "ChessBase"]
[SourceDate "2020.11.30"]
[SourceVersion "1"]
[SourceVersionDate "2020.11.30"]
[SourceQuality "1"]

1. e4 c5 2. c3 e6 3. d4 cxd4 4. cxd4 d5 5. e5 Nc6 6. Nf3 Nge7 7. Nc3 Ng6 8. Bd3 Bb4 9. 0-0 Bd7 10. Bd2 0-0 11. Rc1 Rc8 12. a3 Be7 13. Ne2 b6 14. g3 f6 15. exf6 Rxf6 16. Nf4 Nxf4 17. Bxf4 Rxf4 18. gxf4 Bd6 19. Ne5 Bxe5 20. fxe5 Qg5+ 21. Kh1 Qf4 22. Qh5 g6 23. Rg1 Be8 24. Qe2 Qxd4 25. Qe3 Qxe3 26. fxe3 Rd8 27. Bb5 Nxe5 28. Bxe8 Rxe8 29. Rc7 Nc4 30. Rxa7 Nxe3 31. Rc1 d4 32. Rcc7 Nf5 33. Rxh7 d3 34. Rhd7 e5 35. Rxd3 e4 36. Rd1 e3 37. Re1 Rc8 38. Kg2 Rc2+ 39. Kf3 Rxb2 40. Rd1 Rf2+ 41. Ke4 Rd2 42. Rc1 Rd4+ 43. Ke5 Rd8 44. Re1 Re8+ 45. Kd5 e2 46. Rc7 Ne3+ 47. Kd4 Ng2 48. Rxe2 Rxe2 49. Rc6 Rd2+ 50. Kc3 Rd8 51. Rxg6+ Kf7 52. Rxg2 Ra8 53. Rf2+ Ke6 54. Kb4 Rh8 55. Re2+ Kd5 56. Kb5 Rh3 57. Kxb6 Rxa3 58. Kb5 Rh3 59. Rd2+ Ke4 60. Kc4 Ke3 61. Rd3+ Ke2 62. Rxh3 Kf1 63. Rh8 Kg2 64. h4 Kg3 65. h5 Kh3 66. h6 1-0